| 000 | 004610000a22001810004500 | ||
|---|---|---|---|
| 003 | MACL | ||
| 005 | 20151028125942.0 | ||
| 008 | 151028b xxu||||| |||| 00| 0 eng d | ||
| 040 |
_aMACL _cMACL |
||
| 041 | _aEnglish | ||
| 082 | _a641/SIK | ||
| 100 |
_aSikka Pawan _917131 |
||
| 245 | _aVegetarianism IS A Healthier Diet | ||
| 260 |
_bUppal publishing House _c2009 _aNew Delhi |
||
| 350 | _a250 | ||
| 650 |
_aHome Economics _917132 |
||
| 942 |
_cBK _k641/SIK _2ddc |
||
| 999 |
_c44353 _d44353 |
||